|
|
|
|
| LEADER |
00000cam a2200000 7i4500 |
| 001 |
0000004796 |
| 002 |
000005170 |
| 005 |
20000330.0 |
| 020 |
|
|
|a 0071128549
|
| 090 |
0 |
0 |
|a 621.3692
|b TIS
|
| 100 |
1 |
|
|a Tischler, Morris
|
| 245 |
1 |
0 |
|a Optoelectronics :
|b fiber optics and lasers :
|b a text-lab manual
|c Morris Tischler
|
| 250 |
|
|
|a 2nd ed
|
| 260 |
|
|
|a Illinois :
|b Glencoe ,
|c 1992
|
| 300 |
|
|
|a 300p. :
|b ill ;
|c 26cm.
|
| 650 |
0 |
0 |
|a Opelectronics
|
| 650 |
0 |
0 |
|a Optoelectronic devices
|
| 999 |
|
|
|a 037529
|b BUKU
|c PINJAMAN
|e PERPUSTAKAAN KOMUNITI PETALING JAYA
|
| 999 |
|
|
|a 037530
|b BUKU
|c PINJAMAN
|e PERPUSTAKAAN KOMUNITI PETALING JAYA
|